Socialismo democracia e industrialización / (Registro nro. 7816)

Detalles MARC
000 -LEADER
fixed length control field 00909nam a2200253Ia 4500
003 - CONTROL NUMBER IDENTIFIER
control field OSt
005 - DATE AND TIME OF LATEST TRANSACTION
control field 20210504104724.0
008 - FIXED-LENGTH DATA ELEMENTS--GENERAL INFORMATION
fixed length control field 210310s1963 sp fr 000 0 spa d
040 ## - CATALOGING SOURCE
Original cataloging agency CO-JMCR
Transcribing agency CO-JMCR
041 1# - LANGUAGE CODE
Language code of text/sound track or separate title spa
Language code of original eng
082 04 - DEWEY DECIMAL CLASSIFICATION NUMBER
Classification number 335 /
Item number D234s
Edition number 23
100 1# - MAIN ENTRY--PERSONAL NAME
Personal name Datta, Amlam
9 (RLIN) 15534
Relator term autor
245 10 - TITLE STATEMENT
Title Socialismo democracia e industrialización /
Statement of responsibility, etc. Amlan Datta ; traducido por Juan M°. Amador Zuriarrain
260 ## - PUBLICATION, DISTRIBUTION, ETC.
Place of publication, distribution, etc. Bilbao :
Name of publisher, distributor, etc. Ediciones Deusto,
Date of publication, distribution, etc. 1963
300 ## - PHYSICAL DESCRIPTION
Extent 131 páginas ;
Dimensions 22 cm.
490 0# - SERIES STATEMENT
Series statement Colección Economía
500 ## - GENERAL NOTE
General note Incluye notas a pie de página.<br/>Título original: Socialism Democracy and Industrialization
505 0# - FORMATTED CONTENTS NOTE
Formatted contents note Socialismo y democracia -- Industrialización
546 ## - LANGUAGE NOTE
Language note Traducido del inglés.
650 14 - SUBJECT ADDED ENTRY--TOPICAL TERM
Topical term or geographic name entry element Socialismo
9 (RLIN) 15536
650 24 - SUBJECT ADDED ENTRY--TOPICAL TERM
Topical term or geographic name entry element Industrialización
9 (RLIN) 37399
700 1# - ADDED ENTRY--PERSONAL NAME
Personal name Amador Zuriarrain, Juan M°.,
Relator term traductor
9 (RLIN) 37400
942 ## - ADDED ENTRY ELEMENTS (KOHA)
Source of classification or shelving scheme Dewey Decimal Classification
Koha item type Books
Existencias
Withdrawn status Lost status Source of classification or shelving scheme Damaged status Not for loan Collection code Home library Current library Date acquired Source of acquisition Full call number Barcode Date last seen Copy number Koha item type
    Dewey Decimal Classification     Non-fiction Biblioteca Pública José María del Castillo y Rada Biblioteca Pública José María del Castillo y Rada 04/15/2018 Donación 335 / D234s 430003750 05/16/2024 Ej.1 Books